The Only Country Starting With... - Statistics

General Stats
  • This quiz has been taken 98 times
  • The average score is 51 of 58
Answer Stats
First letters Country % Correct
Af... Afghanistan
100%
Bh... Bhutan
97%
Az... Azerbaijan
95%
Cr... Croatia
94%
El... El Salvador
94%
Gh... Ghana
94%
Rw... Rwanda
94%
Sp... Spain
94%
Uk... Ukraine
94%
Ye... Yemen
94%
Cy... Cyprus
93%
Cz... Czechia
93%
Fr... France
93%
Q... Qatar
93%
Dj... Djibouti
92%
Ec... Ecuador
92%
Eq... Equatorial Guinea
92%
Hu... Hungary
92%
Ic... Iceland
92%
It... Italy
92%
Om... Oman
92%
Ug... Uganda
92%
Ve... Venezuela
92%
Za... Zambia
92%
Zi... Zimbabwe
92%
Jo... Jordan
91%
My... Myanmar
91%
Uz... Uzbekistan
91%
Ka... Kazakhstan
90%
Sy... Syria
90%
Er... Eritrea
89%
Ro... Romania
89%
Ur... Uruguay
89%
Ho... Honduras
88%
Iv... Ivory Coast
88%
Ph... Philippines
88%
Th... Thailand
88%
Ea... East Timor
86%
Ky... Kyrgyzstan
86%
Lu... Luxembourg
85%
Pe... Peru
85%
Sr... Sri Lanka
85%
Ha... Haiti
84%
Ke... Kenya
84%
Ru... Russia
84%
Et... Ethiopia
83%
Ki... Kiribati
83%
Ku... Kuwait
83%
Eg... Egypt
82%
Vi... Vietnam
82%
Ko... kosovo
81%
Tr... Trinidad and Tobago
80%
Cu... Cuba
76%
Is... Israel
76%
Me... Mexico
73%
Fe... Federated States of Micronesia
66%
Ce... Central African Republic
65%
Re... Republic of the Congo
52%
No matching quizzes found
Score Distribution
Percent of People with Each Score
Percentile by Number Answered
Your Score History
You have not taken this quiz